|
|
|
|
| LEADER |
01783cas a2200241 a 4500 |
| 001 |
AALejournalIMF020095 |
| 008 |
230101c9999 xx r poo 0 0eng d |
| 020 |
|
|
|c 5.00 USD
|
| 020 |
|
|
|z 9781498336468
|
| 022 |
|
|
|a 2663-3493
|
| 040 |
|
|
|a BD-DhAAL
|c BD-DhAAL
|
| 110 |
2 |
|
|a International Monetary Fund.
|
| 245 |
1 |
0 |
|a Implementation Plan in Response to Board-Endorsed Recommendations Arising from the IEO Evaluation of IMF Interactions with Member Countries.
|
| 264 |
|
1 |
|a Washington, D.C. :
|b International Monetary Fund,
|c 2010.
|
| 300 |
|
|
|a 1 online resource (3 pages)
|
| 490 |
1 |
|
|a Policy Papers
|
| 500 |
|
|
|a <strong>Off-Campus Access:</strong> No User ID or Password Required
|
| 500 |
|
|
|a <strong>On-Campus Access:</strong> No User ID or Password Required
|
| 506 |
|
|
|a Electronic access restricted to authorized BRAC University faculty, staff and students
|
| 520 |
3 |
|
|a This supplement reports on progress on various issues outlined in the staff's Implementation Plan since its initial issuance on June 1, 2010. Many of the steps included in the Implementation Plan, particularly proposals in the Mandate papers still under consideration last June, have been taken forward. These initiatives are aimed at better integration of bilateral and multilateral surveillance, sharpening analysis of financial sector issues and macro-financial linkages, and better tailoring of the Fund's lending toolkit to members' needs and circumstances. Many further initiatives are included in the latest Work Program, which was discussed by the Board on November 22, 2010.
|
| 538 |
|
|
|a Mode of access: Internet
|
| 830 |
|
0 |
|a Policy Papers; Policy Paper ;
|v No. 2010/110
|
| 856 |
4 |
0 |
|z Full text available on IMF
|u http://elibrary.imf.org/view/journals/007/2010/110/007.2010.issue-110-en.xml
|z IMF e-Library
|